[Event "VII Open Basso Veronese"]
[Site "Casaleone ITA"]
[Date "2014.05.17"]
[Round "3"]
[White "Bonini, Roberto"]
[Black "Ljubisavljevic, Zivojin Z."]
[WhiteElo "1859"]
[BlackElo "2128"]
[Result "0-1"]
[PlyCount "86"]
[EventDate "2014.05.16"]

1. e4 g6 2. d4 Bg7 3. Nf3 c6 4. Be2 d5 5. Nc3 dxe4 6. Nxe4 Nd7 7. Be3 Ngf6 8.
Nxf6+ Nxf6 9. c3 O-O 10. h3 Nd5 11. Bd2 Qb6 12. Qc1 Bf5 13. O-O c5 14. Bc4 Rad8
15. Bh6 cxd4 16. Bxg7 Kxg7 17. Nxd4 Bc8 18. Re1 Qf6 19. Bxd5 Rxd5 20. Qe3 e6
21. Nf3 a6 22. Rad1 Rfd8 23. Rd4 Rxd4 24. Nxd4 Rd5 25. Nf3 Qd8 26. Ne5 h5 27.
Re2 f6 28. Nf3 e5 29. Rd2 Be6 30. c4 Rxd2 31. Nxd2 Qa5 32. a3 Qc7 33. b3 Qc6
34. Ne4 Bc8 35. Qd3 Bf5 36. f3 Bxe4 37. fxe4 Qc5+ 38. Kf1 Qxa3 39. Qd7+ Kh6 40.
Qxb7 Kg5 41. Kf2 h4 42. Qb6 Qb2+ 43. Kf3 Qc3+ 0-1

[Event "VII Open Basso Veronese"]
[Site "Casaleone ITA"]
[Date "2014.05.17"]
[Round "3"]
[White "Coratella, Giuseppe"]
[Black "Ferretti, Alessandro"]
[WhiteElo "2207"]
[BlackElo "2016"]
[Result "1-0"]
[PlyCount "79"]
[EventDate "2014.05.16"]

1. e4 c5 2. Nf3 Nc6 3. d4 cxd4 4. Nxd4 Nf6 5. Nc3 e5 6. Ndb5 d6 7. Bg5 a6 8.
Na3 b5 9. Bxf6 gxf6 10. Nd5 f5 11. exf5 Bxf5 12. c3 Bg7 13. Nc2 O-O 14. Nce3
Be6 15. g3 Ra7 16. Bg2 Kh8 17. O-O Ne7 18. f4 f6 19. Kh1 Qd7 20. Rf2 f5 21. Rd2
Rd8 22. a4 Nc8 23. Nb4 e4 24. axb5 axb5 25. Rxa7 Nxa7 26. g4 fxg4 27. Bxe4 Bh6
28. Ned5 Qf7 29. Rf2 Nc8 30. f5 g3 31. hxg3 Rf8 32. Qd4+ Kg8 33. Kg2 Bd7 34.
Nd3 Bg7 35. f6 Bh8 36. Rf4 Qe6 37. Bf5 Qe2+ 38. Rf2 Qe8 39. Qg4+ Qg6 40. Bxd7
1-0

[Event "VII Open Basso Veronese"]
[Site "Casaleone ITA"]
[Date "2014.05.17"]
[Round "3"]
[White "Guerra, Alessandro"]
[Black "Negro, Raffaele"]
[WhiteElo "2214"]
[BlackElo "1808"]
[Result "1-0"]
[PlyCount "57"]
[EventDate "2014.05.16"]

1. e4 g6 2. d4 Bg7 3. Nc3 a6 4. a4 b6 5. Be3 d6 6. d5 e5 7. dxe6 fxe6 8. Be2
Nf6 9. Bf3 e5 10. h4 h6 11. Nh3 Bb7 12. g4 Nfd7 13. Qe2 Nc6 14. Nd5 Ne7 15. Qc4
Nxd5 16. exd5 Nf6 17. g5 hxg5 18. Nxg5 Qe7 19. Ne6 Rc8 20. Rg1 Kf7 21. h5 Nxh5
22. Be4 Nf4 23. Bxf4 exf4 24. Bxg6+ Kg8 25. Bf5 Rh7 26. Bxh7+ Kxh7 27. Qe4+ Kh8
28. Qh1+ Kg8 29. Qh6 1-0

[Event "VII Open Basso Veronese"]
[Site "Casaleone ITA"]
[Date "2014.05.17"]
[Round "3"]
[White "Jirillo, Antonio"]
[Black "Luciani, Valerio"]
[WhiteElo "1591"]
[BlackElo "2213"]
[Result "0-1"]
[PlyCount "48"]
[EventDate "2014.05.16"]

1. f4 d5 2. Nf3 c5 3. e3 Nc6 4. Bb5 f6 5. O-O Bg4 6. Bxc6+ bxc6 7. c3 e6 8. Qe1
Qc7 9. Qg3 Bh5 10. d4 Nh6 11. Nh4 Bd6 12. Qe1 O-O 13. h3 g5 14. g4 gxh4 15.
Qxh4 Bxg4 16. hxg4 Qg7 17. Kh1 Nxg4 18. Rg1 f5 19. Nd2 Rf6 20. Qg3 Rh6+ 21. Kg2
Rg6 22. Kf3 Nh2+ 23. Kf2 Rxg3 24. Rxg3 Ng4+ 0-1

[Event "VII Open Basso Veronese"]
[Site "Casaleone ITA"]
[Date "2014.05.17"]
[Round "3"]
[White "Magnabosco, Mauro Denis"]
[Black "Zanini, Andrea"]
[WhiteElo "1815"]
[BlackElo "1685"]
[Result "1/2-1/2"]
[PlyCount "79"]
[EventDate "2014.05.16"]

1. c4 b6 2. g3 Bb7 3. Nf3 Bxf3 4. exf3 c5 5. Bg2 Nf6 6. Nc3 Nc6 7. O-O e6 8. d3
Be7 9. Be3 Rc8 10. Qa4 a5 11. h3 O-O 12. f4 d5 13. Bc1 h6 14. a3 Nd4 15. Be3
Nc6 16. Rad1 Qd7 17. Nb5 d4 18. Bd2 Na7 19. b4 Nxb5 20. cxb5 axb4 21. axb4 Nd5
22. bxc5 Bxc5 23. Qb3 Rfd8 24. Ra1 Ra8 25. Rfb1 Rxa1 26. Rxa1 Qb7 27. Ra6 Ra8
28. Qa4 Rxa6 29. bxa6 Qa8 30. Qb5 Nc7 31. Qd7 Qxa6 32. Qxc7 Qxd3 33. Ba5 Qb1+
34. Kh2 d3 35. Qd8+ Kh7 36. Be4+ f5 37. Qxd3 Qxd3 38. Bxd3 bxa5 39. Bc4 Bxf2
40. Bxe6 1/2-1/2

[Event "VII Open Basso Veronese"]
[Site "Casaleone ITA"]
[Date "2014.05.17"]
[Round "3"]
[White "Molinaroli, Giacomo"]
[Black "Moscato, Riccardo"]
[WhiteElo "1897"]
[BlackElo "1609"]
[Result "0-1"]
[PlyCount "74"]
[EventDate "2014.05.16"]

1. e4 c5 2. Nc3 Nc6 3. g3 g6 4. Bg2 Bg7 5. Nge2 Nf6 6. O-O d6 7. d3 Bd7 8. f4
a6 9. h3 e6 10. Be3 Qc7 11. Qd2 h5 12. Rad1 e5 13. fxe5 Nxe5 14. Bg5 Nh7 15.
Nd5 Qc6 16. Bh4 Be6 17. Nec3 b5 18. Ne2 Bxd5 19. exd5 Qd7 20. c3 f6 21. g4 hxg4
22. hxg4 Qxg4 23. Rf4 Qd7 24. Bg3 Bh6 25. d4 Bxf4 26. Nxf4 Qg4 27. Kf2 O-O-O
28. dxe5 Ng5 29. Kf1 fxe5 30. Nxg6 Qf5+ 31. Kg1 Qxg6 32. Qe3 Rdg8 33. Rd3 c4
34. Rd1 Nf3+ 35. Bxf3 Qxg3+ 36. Kf1 Rf8 37. Qxe5 Rxf3+ 0-1

[Event "VII Open Basso Veronese"]
[Site "Casaleone ITA"]
[Date "2014.05.17"]
[Round "3"]
[White "Negro, Roberto"]
[Black "Benaddi, Redouane"]
[WhiteElo "2155"]
[BlackElo "1875"]
[Result "1-0"]
[PlyCount "69"]
[EventDate "2014.05.16"]

1. c4 d6 2. Nc3 Nf6 3. g3 g6 4. Bg2 Bg7 5. Rb1 e5 6. d3 O-O 7. b4 c6 8. Nf3 Re8
9. O-O Nbd7 10. a4 a5 11. b5 d5 12. bxc6 bxc6 13. cxd5 cxd5 14. Nb5 Bf8 15. Bb2
Ba6 16. d4 e4 17. Ne5 Bxb5 18. axb5 Qb6 19. Bh3 Ra7 20. Qa4 Bb4 21. Rfc1 Rb8
22. Nc6 Rab7 23. Nxb8 Rxb8 24. Bc3 Qxb5 25. Qxb5 Rxb5 26. Bxb4 axb4 27. Rb3 Nb8
28. e3 Kf8 29. Rc5 Rb6 30. Bf1 Nc6 31. Rb5 Ra6 32. Kg2 Ra4 33. Rb6 Ra3 34. Rxa3
bxa3 35. Rxc6 1-0

[Event "VII Open Basso Veronese"]
[Site "Casaleone ITA"]
[Date "2014.05.17"]
[Round "3"]
[White "Oppici, Gabriele"]
[Black "Adami, Antonio"]
[WhiteElo "1973"]
[BlackElo "1746"]
[Result "0-1"]
[PlyCount "76"]
[EventDate "2014.05.16"]

1. d4 Nf6 2. Nf3 g6 3. Bf4 Bg7 4. e3 O-O 5. Be2 d6 6. h3 c5 7. c3 Qb6 8. Qc1
Nc6 9. Nbd2 Nd7 10. Bh2 e5 11. dxc5 Nxc5 12. O-O d5 13. Rd1 Bf5 14. Nf1 Rad8
15. b4 Ne4 16. b5 Na5 17. Bxe5 Bxe5 18. Nxe5 Rfe8 19. g4 Rxe5 20. f4 Bxg4 21.
hxg4 Re7 22. Qa3 Ree8 23. Rd4 Rc8 24. Rc1 Nc4 25. Qb3 Ned2 26. Nxd2 Nxd2 27.
Qd1 Nc4 28. Bxc4 dxc4 29. Kf2 Qxb5 30. Rb1 Qc6 31. Rb4 b5 32. a4 a6 33. Rd5 Qf6
34. Rd4 Qh4+ 35. Kf3 Qh3+ 36. Kf2 Qxe3+ 37. Kg2 Qxc3 38. Rb1 Re3 0-1

[Event "VII Open Basso Veronese"]
[Site "Casaleone ITA"]
[Date "2014.05.17"]
[Round "3"]
[White "Paler, Adrian"]
[Black "Omeri, Silvan"]
[WhiteElo "2012"]
[BlackElo "2186"]
[Result "1/2-1/2"]
[PlyCount "102"]
[EventDate "2014.05.16"]

1. e4 c5 2. Nf3 d6 3. d4 cxd4 4. Nxd4 Nf6 5. Nc3 g6 6. Be3 a6 7. f3 Qc7 8. Qd2
Nbd7 9. Bh6 Bxh6 10. Qxh6 b5 11. Qd2 Bb7 12. Bd3 O-O 13. O-O Qb6 14. Qf2 Ne5
15. Kh1 Rac8 16. Rad1 b4 17. Nce2 Nxd3 18. cxd3 e5 19. Nb3 Qxf2 20. Rxf2 Rc2
21. Rd2 Rxd2 22. Nxd2 d5 23. Rf1 Rd8 24. Nb3 dxe4 25. dxe4 Bc6 26. Kg1 Bb5 27.
Re1 Ne8 28. Kf2 Nc7 29. Rc1 Ne6 30. Ke1 Rd3 31. Rc2 h5 32. Rd2 h4 33. Rxd3 Bxd3
34. Nbc1 Bb5 35. Kf2 Kg7 36. Ke3 f6 37. g3 g5 38. a3 bxa3 39. bxa3 Nc5 40. Nc3
hxg3 41. hxg3 Bc4 42. f4 g4 43. fxe5 fxe5 44. Nd5 Kf7 45. Nb4 Ke6 46. Ncd3 Nxd3
47. Nxd3 Kd6 48. Nf2 Be6 49. Kd3 a5 50. Kc3 Kc5 51. Nd3+ Kd6 1/2-1/2

[Event "VII Open Basso Veronese"]
[Site "Casaleone ITA"]
[Date "2014.05.17"]
[Round "3"]
[White "Rondelli, Roberto"]
[Black "Tencheni, Maurizio"]
[WhiteElo "1746"]
[BlackElo "1700"]
[Result "1-0"]
[PlyCount "81"]
[EventDate "2014.05.16"]

1. Nf3 b6 2. g3 Bb7 3. Bg2 e6 4. d4 f5 5. O-O Nf6 6. c4 Na6 7. Nc3 Be7 8. a3 c5
9. d5 exd5 10. cxd5 Bd6 11. Nh4 g6 12. Nb5 Qe7 13. Nxd6+ Qxd6 14. Bf4 Qf8 15.
Bf3 d6 16. Ng2 O-O-O 17. Ne3 Nc7 18. Bg5 h6 19. Bxf6 Qxf6 20. Qc2 Qf7 21. Rfd1
Rhe8 22. Qa4 Kb8 23. Rd2 Re7 24. b4 Na6 25. b5 Nc7 26. Qc4 Rde8 27. a4 Qf6 28.
Raa2 a5 29. bxa6 Bxa6 30. Qb3 Ka7 31. Nc4 Rb8 32. Rdb2 Bxc4 33. Qxc4 Na6 34. e3
Nb4 35. Be2 Ra8 36. Rxb4 cxb4 37. Qxb4 Rb7 38. Bb5 Rab8 39. Bc6 Rc7 40. Qb5 Qc3
41. a5 1-0

[Event "VII Open Basso Veronese"]
[Site "Casaleone ITA"]
[Date "2014.05.17"]
[Round "3"]
[White "Solinas, Roberto"]
[Black "De Paoli, Emilio"]
[WhiteElo "1719"]
[BlackElo "1780"]
[Result "0-1"]
[PlyCount "94"]
[EventDate "2014.05.16"]

1. d4 Nf6 2. Nf3 g6 3. Nbd2 Bg7 4. e4 d6 5. Bd3 Nbd7 6. c3 e5 7. O-O c6 8. a4
b6 9. b4 Bb7 10. Qe2 a5 11. Bb2 O-O 12. b5 d5 13. dxe5 dxe4 14. Nxe4 Ng4 15.
Nd6 Ndxe5 16. Nxb7 Qxd3 17. Qxd3 Nxd3 18. Ba3 c5 19. Rad1 Nge5 20. Nxe5 Nxe5
21. Bc1 Ra7 22. Nd6 Rd7 23. Ne4 Rfd8 24. Rxd7 Rxd7 25. f3 f6 26. Bf4 Nc4 27.
Bh6 f5 28. Bxg7 fxe4 29. Bh6 e3 30. Re1 Rd3 31. Rc1 Nb2 32. Re1 Nxa4 33. Bxe3
Nxc3 34. Bg5 Rd1 35. Rxd1 Nxd1 36. Bd8 Nc3 37. Bxb6 a4 38. Bxc5 Nxb5 39. Be3 a3
40. Bf4 Kf7 41. Be5 Ke6 42. Ba1 Kd5 43. Kf2 Nd4 44. g3 Nc2 45. Bc3 Kc4 46. Bd2
a2 47. f4 a1=Q 0-1

[Event "VII Open Basso Veronese"]
[Site "Casaleone ITA"]
[Date "2014.05.17"]
[Round "3"]
[White "Zanchetta, Nicola"]
[Black "Giuriato, Sergio"]
[WhiteElo "1937"]
[BlackElo "1946"]
[Result "1-0"]
[PlyCount "119"]
[EventDate "2014.05.16"]

1. e4 e5 2. Nf3 Nc6 3. Bb5 a6 4. Bxc6 dxc6 5. O-O f6 6. d4 exd4 7. Qxd4 Qxd4 8.
Nxd4 Bd7 9. Be3 O-O-O 10. c3 c5 11. Nb3 b6 12. Na3 Re8 13. Nd2 f5 14. exf5 Bxf5
15. Rfe1 Nf6 16. Bg5 Bd6 17. Bxf6 gxf6 18. Nac4 Bf4 19. g3 Bxd2 20. Nxd2 a5 21.
f4 Bd7 22. Kf2 Bc6 23. Rxe8+ Rxe8 24. Re1 Rxe1 25. Kxe1 Kd7 26. g4 Ke7 27. Kf2
Ke6 28. Kg3 Bd5 29. a3 b5 30. Kh4 f5 31. g5 Kf7 32. Nf1 Kg6 33. Kg3 h6 34. h4
Be6 35. Kh3 hxg5 36. hxg5 Bd5 37. Kg3 Kh5 38. Ne3 Be6 39. Nc2 Bd5 40. Ne1 Be4
41. Nf3 Bd5 42. Ne5 Be6 43. Kf3 Kh4 44. Ke3 Kg3 45. Nd3 c4 46. Nc5 Bf7 47. Nd7
Be6 48. Nf8 Bg8 49. g6 Kh4 50. Nd7 Kh5 51. Nf6+ Kxg6 52. Nxg8 Kf7 53. Nh6+ Kg6
54. Nxf5 Kxf5 55. Kf3 c5 56. Ke3 b4 57. Kf3 b3 58. a4 Kf6 59. Ke4 Ke6 60. f5+
1-0

[Event "VII Open Basso Veronese"]
[Site "Casaleone ITA"]
[Date "2014.05.18"]
[Round "4"]
[White "Benaddi, Redouane"]
[Black "Guerra, Alessandro"]
[WhiteElo "1875"]
[BlackElo "2214"]
[Result "0-1"]
[PlyCount "72"]
[EventDate "2014.05.16"]

1. Nf3 c5 2. c4 Nc6 3. Nc3 Nf6 4. e4 e5 5. d3 Be7 6. h3 d6 7. Be2 O-O 8. Be3
Nd4 9. g4 Ne8 10. Nd5 Nc7 11. Nxe7+ Qxe7 12. Nxd4 cxd4 13. Bd2 b5 14. b3 bxc4
15. bxc4 Ne6 16. O-O Rb8 17. Rb1 Bd7 18. Qc1 Qh4 19. Kg2 Rxb1 20. Qxb1 h5 21.
Rh1 Bc6 22. f3 Qe7 23. Qb4 Kh7 24. Rf1 g6 25. f4 exf4 26. Rxf4 f5 27. gxf5 gxf5
28. Kh2 Nxf4 29. Bxf4 fxe4 30. Bxd6 Qf6 31. Bg3 Rg8 32. Qd6 Qxd6 33. Bxd6 h4
34. Be5 e3 35. Bg4 Rxg4 36. hxg4 e2 0-1

[Event "VII Open Basso Veronese"]
[Site "Casaleone ITA"]
[Date "2014.05.18"]
[Round "4"]
[White "Benetti, Lorenzo"]
[Black "Rondelli, Roberto"]
[WhiteElo "1686"]
[BlackElo "1746"]
[Result "0-1"]
[PlyCount "76"]
[EventDate "2014.05.16"]

1. d4 Nf6 2. Bg5 e6 3. c4 Bb4+ 4. Nc3 d6 5. e3 Nbd7 6. Nge2 O-O 7. a3 Bxc3+ 8.
Nxc3 e5 9. Be2 exd4 10. exd4 Qe8 11. O-O Ne4 12. Nxe4 Qxe4 13. Bd3 Qc6 14. d5
Qb6 15. b4 c5 16. dxc6 bxc6 17. Be7 Re8 18. Bxd6 Nf6 19. Bc5 Qc7 20. f3 Be6 21.
Qc2 Qf4 22. Kh1 h5 23. Rad1 h4 24. Qd2 Qxd2 25. Rxd2 a5 26. Rfd1 axb4 27. axb4
h3 28. gxh3 Bxh3 29. Bd4 Nh5 30. Be4 Ra6 31. b5 cxb5 32. cxb5 Ra5 33. Bc6 Rd8
34. b6 Rg5 35. b7 Nf4 36. Bg1 Kh7 37. Be3 Bg2+ 38. Kg1 Nh3# 0-1

[Event "VII Open Basso Veronese"]
[Site "Casaleone ITA"]
[Date "2014.05.18"]
[Round "4"]
[White "De Paoli, Emilio"]
[Black "Jirillo, Antonio"]
[WhiteElo "1780"]
[BlackElo "1591"]
[Result "1-0"]
[PlyCount "127"]
[EventDate "2014.05.16"]

1. Nf3 g6 2. e4 Bg7 3. d4 d6 4. Bc4 Nf6 5. Nc3 O-O 6. O-O Nbd7 7. a4 c6 8. h3
a5 9. e5 dxe5 10. dxe5 Nd5 11. Nxd5 cxd5 12. Bxd5 e6 13. Bg5 Qc7 14. Bb3 Nxe5
15. Re1 Nxf3+ 16. Qxf3 Bxb2 17. Rad1 Bg7 18. h4 h5 19. Rd3 Ra6 20. Red1 e5 21.
Qe3 Bf5 22. Bd8 Qc8 23. Rc3 Rc6 24. Rxc6 Qxc6 25. Bxa5 Bf6 26. Bb4 Rc8 27. Rd6
Qe8 28. Rxf6 Rc7 29. Rxf5 gxf5 30. Qg5+ Kh7 31. Qxf5+ Kg7 32. Qg5+ Kh7 33.
Qxh5+ Kg7 34. Bd6 Rc6 35. Bxe5+ Kf8 36. Qh8+ Ke7 37. Qxe8+ Kxe8 38. a5 Ke7 39.
Bd4 Kf8 40. g3 Ra6 41. Bb6 Ra8 42. Bd5 Rc8 43. c4 Kg7 44. Kg2 f6 45. Kf3 Kg6
46. c5 Rb8 47. g4 Kh6 48. Bc7 Rc8 49. Bf4+ Kg7 50. Be3 Rc7 51. Ke4 Re7+ 52. Kd4
Rd7 53. Kc4 Kg6 54. h5+ Kg7 55. Bd4 Re7 56. g5 Re1 57. Bxf6+ Kh7 58. Bxb7 Rc1+
59. Kb5 Rb1+ 60. Ka6 Rf1 61. h6 Rxf2 62. Be4+ Kg8 63. h7+ Kf7 64. h8=Q 1-0

[Event "VII Open Basso Veronese"]
[Site "Casaleone ITA"]
[Date "2014.05.18"]
[Round "4"]
[White "Ferretti, Alessandro"]
[Black "Adami, Antonio"]
[WhiteElo "2016"]
[BlackElo "1746"]
[Result "1/2-1/2"]
[PlyCount "96"]
[EventDate "2014.05.16"]

1. e4 Nf6 2. e5 Nd5 3. d4 d6 4. Nf3 Bg4 5. Be2 c6 6. Ng5 Bxe2 7. Qxe2 h6 8. Qh5
g6 9. Qh3 dxe5 10. dxe5 e6 11. Ne4 Nd7 12. Qg3 Qa5+ 13. c3 Qc7 14. f4 g5 15.
O-O gxf4 16. Bxf4 Nxf4 17. Qxf4 O-O-O 18. Qxf7 Qxe5 19. Nbd2 Bd6 20. Nxd6+ Qxd6
21. Nf3 Rdf8 22. Qh5 Rf5 23. Qh4 Rf4 24. Qf2 Qc5 25. Rae1 Rg8 26. Qxc5 Nxc5 27.
Re3 Rfg4 28. Rf2 Re4 29. Rxe4 Nxe4 30. Re2 Nc5 31. b4 Na4 32. Re3 Kd7 33. Ne5+
Ke7 34. c4 Nb6 35. Re4 Nd7 36. Nf3 Nf6 37. Re2 Rg4 38. Nd2 Rd4 39. g3 b6 40.
Kg2 h5 41. Kf3 c5 42. bxc5 bxc5 43. h3 a5 44. Nb3 Rxc4 45. Nxa5 Rc3+ 46. Kg2
Kd7 47. Nb3 Kd6 48. Nd2 Kd5 1/2-1/2

[Event "VII Open Basso Veronese"]
[Site "Casaleone ITA"]
[Date "2014.05.18"]
[Round "4"]
[White "Giuriato, Sergio"]
[Black "Magnabosco, Mauro Denis"]
[WhiteElo "1946"]
[BlackElo "1815"]
[Result "1-0"]
[PlyCount "141"]
[EventDate "2014.05.16"]

1. d4 Nf6 2. c4 e6 3. g3 d5 4. Nf3 Nbd7 5. Bg2 Bb4+ 6. Bd2 Bxd2+ 7. Nbxd2 O-O
8. O-O b6 9. Rc1 c5 10. cxd5 exd5 11. dxc5 Nxc5 12. Nd4 Bb7 13. b4 Nce4 14.
N2b3 Qd7 15. b5 Rfc8 16. Qd3 Nc5 17. Qf5 Qd8 18. h4 Qe8 19. Qb1 Qe5 20. Qf5 Qe8
21. Bf3 Rc7 22. Qf4 Rcc8 23. Nf5 Ne6 24. Qe5 Rxc1 25. Rxc1 Qb8 26. Qxb8+ Rxb8
27. e3 Kf8 28. Kf1 g6 29. Nd6 Ke7 30. Nxb7 Rxb7 31. Ke2 Kd6 32. Bg2 Nc5 33. Nd4
Nfe4 34. g4 Nf6 35. Bf3 h6 36. h5 Ke5 37. hxg6 fxg6 38. Rh1 Ng8 39. Nc6+ Kd6
40. Rd1 Ne7 41. Nb4 Na4 42. Nxd5 Ke5 43. Rd4 Nxd5 44. Rxd5+ Ke6 45. Rd3 Rc7 46.
Kd2 Nc5 47. Rd8 Kf6 48. e4 Kg5 49. Ke3 Ne6 50. Rd5+ Kf6 51. e5+ Ke7 52. Be4 g5
53. Kd2 Nf4 54. Rd6 Rd7 55. Rxd7+ Kxd7 56. Bf5+ Ne6 57. Ke3 Ke7 58. Bxe6 Kxe6
59. Ke4 Ke7 60. Kf5 Kf7 61. e6+ Ke7 62. f3 Ke8 63. Kf6 Kf8 64. Kg6 Ke7 65. Kxh6
Kxe6 66. Kxg5 Kd5 67. Kf6 Kc5 68. g5 Kxb5 69. g6 a5 70. g7 a4 71. g8=Q 1-0

[Event "VII Open Basso Veronese"]
[Site "Casaleone ITA"]
[Date "2014.05.18"]
[Round "4"]
[White "Ljubisavljevic, Zivojin Z."]
[Black "Negro, Roberto"]
[WhiteElo "2128"]
[BlackElo "2155"]
[Result "0-1"]
[PlyCount "70"]
[EventDate "2014.05.16"]

1. e4 e6 2. d4 d5 3. Nc3 Bb4 4. e5 c5 5. a3 Bxc3+ 6. bxc3 Qa5 7. Bd2 Qa4 8. Qb1
c4 9. g4 Nc6 10. Ne2 Nge7 11. Ng3 Bd7 12. Nh5 O-O-O 13. Bh3 Rhg8 14. f4 Rdf8
15. O-O f5 16. exf6 gxf6 17. Kh1 Be8 18. Ng3 Kb8 19. Qb2 Nc8 20. Rae1 Bd7 21.
f5 exf5 22. Nxf5 Re8 23. Ne3 Nb6 24. Rxf6 h5 25. Bg2 Bxg4 26. Nxd5 Qa5 27. Nxb6
axb6 28. d5 Bh3 29. Rxe8+ Rxe8 30. Bf3 Ne5 31. Rxb6 Nxf3 32. Rxb7+ Ka8 33. Rb5
Qa7 34. Qc1 Re2 35. Be3 Qxe3 0-1

[Event "VII Open Basso Veronese"]
[Site "Casaleone ITA"]
[Date "2014.05.18"]
[Round "4"]
[White "Luciani, Valerio"]
[Black "De Bortoli, Francesco"]
[WhiteElo "2213"]
[BlackElo "1793"]
[Result "1-0"]
[PlyCount "51"]
[EventDate "2014.05.16"]

1. e4 c6 2. d4 d5 3. e5 Bf5 4. g4 Bg6 5. e6 fxe6 6. Nh3 e5 7. dxe5 e6 8. Nf4
Bf7 9. Nd2 Nd7 10. Nf3 g5 11. Nd3 h6 12. h4 gxh4 13. Bf4 Be7 14. Qd2 Qc7 15.
O-O-O O-O-O 16. Bh3 Nf8 17. Rhe1 Ng6 18. Bh2 Rf8 19. Nd4 Kd7 20. f4 c5 21. Nb5
Qb6 22. c4 d4 23. Nd6 Bxd6 24. exd6 Nf6 25. f5 exf5 26. gxf5 1-0

[Event "VII Open Basso Veronese"]
[Site "Casaleone ITA"]
[Date "2014.05.18"]
[Round "4"]
[White "Moscato, Riccardo"]
[Black "Bertani, Gianfranco"]
[WhiteElo "1609"]
[BlackElo "2048"]
[Result "0-1"]
[PlyCount "92"]
[EventDate "2014.05.16"]

1. d4 d5 2. c4 e6 3. Nf3 c6 4. e3 f5 5. Nc3 Nf6 6. Bd2 Bd6 7. Be2 O-O 8. Qc2
Ne4 9. g3 Nd7 10. Nh4 b6 11. cxd5 Nxc3 12. Qxc3 cxd5 13. Qc6 Qc7 14. Rc1 Qb8
15. O-O Nf6 16. Qc2 Bd7 17. a4 a6 18. Nf3 Ne4 19. Qb3 Nxd2 20. Nxd2 Qb7 21. Rc3
b5 22. axb5 axb5 23. Rcc1 b4 24. Ra1 Rfc8 25. Qd3 Rcb8 26. Nb3 Rxa1 27. Rxa1
Ra8 28. Rc1 Rc8 29. Rxc8+ Qxc8 30. Qa6 Qxa6 31. Bxa6 Kf7 32. Kf1 Ke7 33. Ke2
Ba4 34. Nc1 g5 35. Bd3 h5 36. b3 Be8 37. f4 h4 38. fxg5 hxg3 39. h4 Bh5+ 40.
Kf1 Bf3 41. Ne2 Kf7 42. Bc2 g2+ 43. Kf2 Bxe2 44. Kxg2 Kg6 45. Kf2 Bb5 46. Bd1
Bd3 0-1

[Event "VII Open Basso Veronese"]
[Site "Casaleone ITA"]
[Date "2014.05.18"]
[Round "4"]
[White "Mulone, Gaspare"]
[Black "Bonini, Roberto"]
[WhiteElo "1548"]
[BlackElo "1859"]
[Result "0-1"]
[PlyCount "88"]
[EventDate "2014.05.16"]

1. e4 c5 2. Nf3 d6 3. d4 cxd4 4. Nxd4 Nf6 5. Nc3 a6 6. f3 e6 7. Be3 Be7 8. Qd2
Qc7 9. Qf2 b5 10. a3 Bb7 11. Nb3 Nbd7 12. Be2 d5 13. exd5 Nxd5 14. Nxd5 Bxd5
15. Bd3 Rc8 16. Qg3 Qxg3+ 17. hxg3 Bf6 18. Rb1 Ne5 19. Nd4 Ba2 20. Rc1 Bc4 21.
Ke2 Kd7 22. b3 Bxd3+ 23. cxd3 h6 24. Rxc8 Rxc8 25. Kd2 Nc6 26. Nxc6 Rxc6 27.
Rc1 Bb2 28. Rxc6 Kxc6 29. a4 bxa4 30. bxa4 Kd5 31. Kc2 Be5 32. f4 Bd4 33. Kd2
h5 34. Bxd4 Kxd4 35. Kc2 Ke3 36. Kc3 Kf2 37. Kb4 Kxg2 38. Ka5 Kxg3 39. Kxa6 h4
40. Kb7 h3 41. a5 h2 42. a6 h1=Q+ 43. Kb8 Qc6 44. a7 Qb6+ 0-1

[Event "VII Open Basso Veronese"]
[Site "Casaleone ITA"]
[Date "2014.05.18"]
[Round "4"]
[White "Negro, Raffaele"]
[Black "Oppici, Gabriele"]
[WhiteElo "1808"]
[BlackElo "1973"]
[Result "0-1"]
[PlyCount "74"]
[EventDate "2014.05.16"]

1. d4 d6 2. Bf4 g6 3. e4 Bg7 4. Nc3 Nc6 5. d5 Ne5 6. Nf3 e6 7. Bxe5 dxe5 8.
Bb5+ Kf8 9. Bc4 exd5 10. Qxd5 Qxd5 11. Bxd5 c6 12. Bb3 Nh6 13. h3 Ke7 14. O-O-O
Be6 15. Bxe6 Kxe6 16. Rd3 Rad8 17. Rhd1 Rxd3 18. Rxd3 Bf6 19. g4 Be7 20. Nd1 f6
21. Ne3 Nf7 22. Nc4 h5 23. Nh4 hxg4 24. Nxg6 Rxh3 25. Nxe7 Kxe7 26. Ne3 Nd6 27.
Nxg4 Rh1+ 28. Rd1 Rxd1+ 29. Kxd1 Nxe4 30. Ke2 Ke6 31. Ke3 Nd6 32. b3 f5 33. Nh2
f4+ 34. Ke2 e4 35. Ng4 Kf5 36. Nh6+ Kg5 37. Ng8 Nf5 0-1

[Event "VII Open Basso Veronese"]
[Site "Casaleone ITA"]
[Date "2014.05.18"]
[Round "4"]
[White "Omeri, Silvan"]
[Black "Coratella, Giuseppe"]
[WhiteElo "2186"]
[BlackElo "2207"]
[Result "0-1"]
[PlyCount "75"]
[EventDate "2014.05.16"]

1. d4 g6 2. e4 Bg7 3. Nc3 d6 4. Be3 Nd7 5. Qd2 e5 6. d5 f5 7. f3 Ne7 8. O-O-O
O-O 9. h4 Nf6 10. exf5 Nxf5 11. Nge2 Qe7 12. Bg5 h6 13. Bxf6 Bxf6 14. g3 Bg7
15. Ne4 Nd4 16. Nxd4 exd4 17. Bg2 Bf5 18. Rde1 Qf7 19. g4 Bd7 20. Rhf1 Qxd5 21.
Kb1 Qf7 22. g5 h5 23. f4 Bc6 24. Nf6+ Bxf6 25. gxf6 Qxf6 26. Bxc6 bxc6 27. f5
Rae8 28. Rxe8 Rxe8 29. a4 Re5 30. Rg1 Rxf5 31. Qd3 a5 32. b3 Kg7 33. Qh3 c5 34.
Re1 Kh6 35. Rg1 Rf2 36. Rg5 Rf1+ 37. Ka2 d3 38. c3 0-1

[Event "VII Open Basso Veronese"]
[Site "Casaleone ITA"]
[Date "2014.05.18"]
[Round "4"]
[White "Pisani, Valerio"]
[Black "Solinas, Roberto"]
[WhiteElo "1722"]
[BlackElo "1719"]
[Result "1-0"]
[PlyCount "125"]
[EventDate "2014.05.16"]

1. e4 c6 2. d4 d5 3. e5 Bf5 4. Bd3 Bxd3 5. Qxd3 e6 6. Nf3 Qa5+ 7. Nc3 Qa6 8.
Qd1 c5 9. Ne2 Nc6 10. O-O cxd4 11. Nexd4 Nge7 12. Re1 g6 13. Bg5 Bg7 14. Qd2 h6
15. Bf6 Bxf6 16. exf6 Nxd4 17. Qxd4 Nc6 18. Qxd5 O-O 19. Qd2 Kh7 20. Qf4 Qb5
21. Qh4 Rad8 22. b3 g5 23. Qh5 Qf5 24. h4 Qxf6 25. hxg5 Qg6 26. Qh3 Kg7 27.
gxh6+ Qxh6 28. Qxh6+ Kxh6 29. Re4 Kg6 30. Rae1 Rh8 31. Ne5+ Nxe5 32. Rxe5 Rh4
33. g3 Rhd4 34. R1e2 Kf6 35. R5e3 R8d5 36. Rc3 Rd7 37. Kf1 b5 38. Rc5 a6 39.
Rc6 a5 40. Rc5 R4d5 41. Rxd5 Rxd5 42. Ke1 b4 43. Re3 e5 44. Ke2 Ke6 45. f4 f6
46. fxe5 fxe5 47. Rd3 Rc5 48. Kd2 Kf5 49. c4 bxc3+ 50. Rxc3 Rd5+ 51. Rd3 Rc5
52. a3 e4 53. Re3 Rc6 54. b4 axb4 55. axb4 Rc4 56. Rb3 Kg4 57. b5 Rc8 58. b6
Rb8 59. b7 e3+ 60. Kxe3 Kxg3 61. Kd4+ Kf4 62. Kd5 Kf5 63. Kc6 1-0

[Event "VII Open Basso Veronese"]
[Site "Casaleone ITA"]
[Date "2014.05.18"]
[Round "4"]
[White "Zanchetta, Nicola"]
[Black "Paler, Adrian"]
[WhiteElo "1937"]
[BlackElo "2012"]
[Result "1/2-1/2"]
[PlyCount "88"]
[EventDate "2014.05.16"]

1. e4 c5 2. Nf3 d6 3. Bb5+ Bd7 4. a4 Nc6 5. O-O Nf6 6. Re1 e6 7. c3 a6 8. Bf1
Be7 9. d3 O-O 10. Nbd2 Qc7 11. g3 Rfe8 12. Bg2 Ne5 13. Nf1 Nxf3+ 14. Bxf3 e5
15. Bg5 h6 16. Bxf6 Bxf6 17. Ne3 Bc6 18. h4 b5 19. a5 Rab8 20. b4 g6 21. Qd2
Bg7 22. h5 Rf8 23. Kg2 Qe7 24. Ng4 Qg5 25. Qxg5 hxg5 26. Ne3 gxh5 27. Bxh5 f5
28. f3 Bd7 29. Bg6 g4 30. fxg4 fxg4 31. Rf1 cxb4 32. cxb4 Bh6 33. Nf5 Bd2 34.
Rab1 Rf6 35. Nh4 Rxf1 36. Kxf1 Bg5 37. Nf5 d5 38. Ke2 dxe4 39. dxe4 Rc8 40. Rd1
Rc2+ 41. Kf1 Rd2 42. Ke1 Rxd1+ 43. Kxd1 Bc6 44. Ke2 Bxe4 1/2-1/2

[Event "VII Open Basso Veronese"]
[Site "Casaleone ITA"]
[Date "2014.05.18"]
[Round "4"]
[White "Zanini, Andrea"]
[Black "Pegoraro, Nicola"]
[WhiteElo "1685"]
[BlackElo "1999"]
[Result "0-1"]
[PlyCount "80"]
[EventDate "2014.05.16"]

1. b3 e5 2. Bb2 Nc6 3. e3 Nf6 4. c4 d5 5. h3 Bc5 6. Nf3 d4 7. exd4 exd4 8. d3
O-O 9. Be2 Bf5 10. Nh4 Be6 11. a3 a5 12. Nf3 h6 13. Nbd2 Bf5 14. O-O Qd7 15.
Nh2 Rfe8 16. Ndf3 Re7 17. Re1 Rae8 18. Qd2 Qd6 19. Bf1 Nd7 20. Bc1 Nde5 21. Be2
b6 22. Bb2 Bh7 23. Kf1 Ng6 24. Bc1 Nce5 25. Bb2 Nxf3 26. Nxf3 Ne5 27. Nxe5 Rxe5
28. Qf4 Rxe2 29. Qxd6 Rxe1+ 30. Rxe1 Rxe1+ 31. Kxe1 Bxd6 32. Ke2 c5 33. a4 Kf8
34. Bc1 Ke7 35. Bd2 Ke6 36. g3 f5 37. h4 f4 38. gxf4 Kf5 39. Kf3 Bg6 40. Kg3
Ke6 0-1